000
00280nam a2200109Ia 4500
008
220204s9999 xx 000 0 und d
082
_b
LAW
100
_a
Lawrence
245
0
_a
High performance liquid chromatography of pesticides
260
_a
London
_b
Academic
_c
1982
942
_c
BK
999
_c
38076
_d
38076